Engineering Mechanics (Record no. 553665)

000 -LEADER
fixed length control field 00382nam a22001337a 4500
082 ## - DEWEY DECIMAL CLASSIFICATION NUMBER
Classification number CP39
Author Mark CE-101
100 ## - MAIN ENTRY--PERSONAL NAME
Personal name Shahzad Ul Hassan Amir
9 (RLIN) 48263
245 ## - TITLE STATEMENT
Title Engineering Mechanics
Statement of responsibility, etc. Shahzad Ul Hassan Amir
250 ## - EDITION STATEMENT
Edition statement Fall Semester 2014
260 ## - PUBLICATION, DISTRIBUTION, ETC.
Place of publication, distribution, etc. Risalpur
Name of publisher, distributor, etc. MCE
Date of publication, distribution, etc. Fall Semester 2014
500 ## - GENERAL NOTE
General note OD-82/83
526 ## - STUDY PROGRAM INFORMATION NOTE
Program name 0
Interest level 0
Reading level 0
Title point value CP_000000000000000_39_CE101
942 ## - ADDED ENTRY ELEMENTS (KOHA)
Source of classification or shelving scheme
Koha item type Book Bank
Holdings
Withdrawn status Lost status Source of classification or shelving scheme Damaged status Not for loan Permanent Location Current Location Date acquired Total Checkouts Full call number Barcode Date last seen Date last checked out Price effective from Koha item type
          Military College of Engineering (MCE) Military College of Engineering (MCE) 02/24/2016 5 CP39 CE-101 MCE-CP39 09/30/2019 09/26/2018 02/24/2016 Book Bank
© 2023 Central Library, National University of Sciences and Technology. All Rights Reserved.